| 000 | 00627nam a22001937a 4500 | ||
|---|---|---|---|
| 003 | 0 | ||
| 005 | 20240808153233.0 | ||
| 008 | 240808b xxu||||| |||| 00| 0 eng d | ||
| 020 | _a979-8-89161-050-7 | ||
| 050 |
_aQR 63 _b.W55 2024 |
||
| 100 | _aWilkinson, Bobby | ||
| 245 |
_aMicrobiology and parasitology for nurses _cBobby Wilkinson |
||
| 260 |
_aNew York, USA _bAlexis Press, LLC _c2024 |
||
| 300 |
_avii, 388 pages : _bcolored illustrations and pictures ; _c26cm. |
||
| 504 | _aIncludes bibliographical references and index. | ||
| 650 | _aMicrobiology--Nurses. | ||
| 650 | _aParasitology--Nurses. | ||
| 942 |
_2lcc _cBK |
||
| 999 |
_c366066 _d366066 |
||